| 000 | 00902nam a2200229 a 4500 | ||
|---|---|---|---|
| 999 |
_c8007 _d8007 |
||
| 001 | 991025176179706706 | ||
| 003 | OSt | ||
| 005 | 20241219182131.0 | ||
| 008 | 070502s2006 sp o 000 0 cat c | ||
| 017 | _aB-17980-2006 | ||
| 020 | _a8461101642 | ||
| 035 | _a(ES-BaCBU).b46577737 | ||
| 040 |
_aES-BaCBU _bcat _cCDMR |
||
| 245 | 0 | 3 |
_aEl Pols dels dies _b: 125 anys de La Vanguardia / _c[textos: Màrius Carol, Carles Salmurri, Xavier Antich ... et al.] |
| 260 |
_aBarcelona : _bLa Vanguardia : _bCentre de Cultura Contemporània de Barcelona, _cDL 2006 |
||
| 300 |
_a171 p. : _bil. ; _c24 cm |
||
| 500 | _aCatàleg de l'exposició celebrada al Centre de Cultura Contemporània de Barcelona del 20 d'abril al 5 de juny de 2006 | ||
| 610 | 2 | 0 |
_aLa Vanguardia (Diari) _91150 _xHistòria |
| 907 |
_a.b46577737 _b22-01-21 _c16-12-10 _d16-12-10 _em _fa _g- _hcat _isp _j3 _k1 |
||
| 908 | _aURL | ||
| 942 |
_2udc _cMON |
||